01283nam a2200277 i 4500003000900000005001700009007000300026008004100029040003000070082001300100100004600113245019300159246009100352264004200443300002800485336002700513337003400540338002800574500009000602504002900692504009000721700003500811700002600846710007300872710006000945DO-SdBNP20250306133651.0ta240909s1985 dr 000 j spa d aDO-SdBNPbspacBNPHUerda bB716222 aBonnelly de Calventi, Idelisa,d1935-192210aInforme aspectos químicos y usos nativos de plantas en la medicina folklórica dominicanabestudio bibliográfico /cIdelisa Bonnelly de Calventi, Manuel vásquez Tineo, David Terrero aAspectos químicos y usos nativos de plantas en la medicina folklórica dominicana / 1aSanto Domingo :bUASD,bCIBIMAc1985. a64 páginas, c21 cm. 2rdacontentatextobtxt 2rdamediaasin mediación bn 2rdacarrieravolumenbnc aIncluye índice de nombres vulgares de plantas medicinales citadas en este trabajo.  aBibliografía p: 63-64. aReferencias bibliográficas utilizadas en la preparación de la tabla 10 p: 58-59. 1 aVásquez tineo, Manueleautor1 aTerrero, Davideautor aUniversidad Autónoma de Santo Domingo (UASD)bFacultad de Ciencias1 aCentro de Investigaciones de Biología Marina (CIBIMA)